| 000 | 01025cam a22002774a 4500 | ||
|---|---|---|---|
| 001 | 12787161 | ||
| 005 | 20180130033047.0 | ||
| 008 | 020523s2002 ne ab b 101 0 eng | ||
| 010 | _a 2002072154 | ||
| 020 | _a0444510389 (alk. paper : vol. 28A) | ||
| 020 | _a0444510397 (alk. paper : vol. 28B) | ||
| 020 | _a0444510400 (alk. paper : set) | ||
| 022 | 0 | _a0166-2481 | |
| 040 |
_aDLC _cDLC _dDLC _dWaU _dDLC |
||
| 041 | _aeng | ||
| 042 | _apcc | ||
| 080 | _a631.41 | ||
| 082 | 0 | 0 |
_a631.41 VIO _221 |
| 100 | _a41 | ||
| 101 | _aGJEO | ||
| 245 | 1 | 0 |
_aSoil mineral-organic matter-microorganism interactions and ecosystem health : _cedited by A. Violante ... [et al.]. |
| 504 | _aIncludes bibliographical references and index. | ||
| 906 |
_a7 _bcbc _corignew _d1 _eocip _f20 _gy-gencatlg |
||
| 942 |
_2ddc _cBK |
||
| 999 |
_c41212 _d41212 |
||